00382nam a2200133Ia 4500003000400000005001700004008004100021040001600062082001900078100002000097245004300117260008000160300000800240GCL20240530101925.0140319s9999 xx 000 0 ara d aGCL / cGCL04a320.901bب ف1 4باول جون10aالفكر السياسى الغربى a[S.N] : bالهيئة المصرية العامة للكتاب ، c1985 a485